Prescriptive right of way (Record no. 66289)
[ view plain ]
| 000 -LEADER | |
|---|---|
| fixed length control field | 01141cam a2200265 4500 |
| 001 - CONTROL NUMBER | |
| control field | ABS63519 |
| 008 - FIXED-LENGTH DATA ELEMENTS--GENERAL INFORMATION | |
| fixed length control field | 000000n2001 000 0 eng u |
| 035 ## - SYSTEM CONTROL NUMBER | |
| System control number | (Sirsi) u111258 |
| 100 ## - MAIN ENTRY--PERSONAL NAME | |
| Personal name | Watts, A. |
| 245 ## - TITLE STATEMENT | |
| Title | Prescriptive right of way |
| 260 ## - PUBLICATION, DISTRIBUTION, ETC. | |
| Date of publication, distribution, etc. | 2001 |
| 490 ## - SERIES STATEMENT | |
| Series statement | Property Week |
| Volume/sequential designation | 66(9) 2 March 2001, 100(1) |
| 520 ## - SUMMARY, ETC. | |
| Summary, etc. | Looks at the three ways in which a prescriptive right can be obtained: under the Prescription Act 1832; by the doctrine of lost modern grant and at common law. Discusses the different rules for each type of prescription. Considers what rights a prescriptive easement gives a buyer and the problems raised by the uncertainty in matters such as a right to enter and repair. Closes with a look at how buyers can protect themselves against the uncertainty raised by having a prescriptive right. |
| 590 ## - LOCAL NOTE (RLIN) | |
| Local note | ABS |
| 600 ## - SUBJECT ADDED ENTRY--PERSONAL NAME | |
| Personal name | RIGHTS OF WAY |
| 650 ## - SUBJECT ADDED ENTRY--TOPICAL TERM | |
| Topical term or geographic name entry element | EASEMENTS |
| 650 ## - SUBJECT ADDED ENTRY--TOPICAL TERM | |
| Topical term or geographic name entry element | PRESCRIPTIVE RIGHTS |
| 650 ## - SUBJECT ADDED ENTRY--TOPICAL TERM | |
| Topical term or geographic name entry element | PRESCRIPTION ACT 1832 |
| 650 ## - SUBJECT ADDED ENTRY--TOPICAL TERM | |
| Topical term or geographic name entry element | COMMON LAW |
| 650 ## - SUBJECT ADDED ENTRY--TOPICAL TERM | |
| Topical term or geographic name entry element | LOST MODERN GRANT |
| 650 ## - SUBJECT ADDED ENTRY--TOPICAL TERM | |
| Topical term or geographic name entry element | UNCERTAINTY |
| 690 ## - LOCAL SUBJECT ADDED ENTRY--TOPICAL TERM (OCLC, RLIN) | |
| Topical term or geographic name as entry element | Boundary disputes |
| 9 (RLIN) | 6221 |
| 700 ## - ADDED ENTRY--PERSONAL NAME | |
| Personal name | Heighton, M. |
| 942 ## - ADDED ENTRY ELEMENTS (KOHA) | |
| Suppress in OPAC | 0 |
| Withdrawn status | Lost status | Source of classification or shelving scheme | Damaged status | Not for loan | Home library | Current library | Shelving location | Date acquired | Total Checkouts | Full call number | Barcode | Date last seen | Copy number | Price effective from | Koha item type |
|---|---|---|---|---|---|---|---|---|---|---|---|---|---|---|---|
| Dewey Decimal Classification | London | London | Journal article | 05/03/2001 | ABS63519 | 111258-1001 | 06/08/2019 | 1 | 06/08/2019 | Journal article |